Normal view MARC view
  • Supervisor: Asst. Prof. Kamran Aziz

Entry Corporate Name

Number of records used in: 1

001 - CONTROL NUMBER

  • control field: 130959

003 - CONTROL NUMBER IDENTIFIER

  • control field: NUST

005 - DATE AND TIME OF LATEST TRANSACTION

  • control field: 20251006163248.0

008 - FIXED-LENGTH DATA ELEMENTS

  • fixed length control field: 251006|| aca||aabn | a|a d

040 ## - CATALOGING SOURCE

  • Original cataloging agency: NUST
  • Transcribing agency: NUST

110 ## - HEADING--CORPORATE NAME

  • Corporate name or jurisdiction name as entry element: Supervisor: Asst. Prof. Kamran Aziz

670 ## - SOURCE DATA FOUND

  • Source citation: Work cat.: (NUST): Muhammad Tahir Ali Muhammad Eshan 130958, PR-SOF-2569-Enhancing Medical Imaging CT to MRI Conversion via GAN-CNN Fusion, 2025.
© 2023 Central Library, National University of Sciences and Technology. All Rights Reserved.